000 00495cam a2200181ua 4500
020 _cRS 10.00
041 _ahin
_h
082 _a891.54
_bACH/RA
100 _aAcharya Chandrasekhar, Shastri .
245 _aRashtranirmata Sardar Patel /
_cAchrya Chandrashekhar Shastri.
_hTextual Documents
250 _a1 /
_b.
260 _aIndia :
_bSociety for parliamentary studies ,
_c1960.
300 _a260 ; .
365 _aRS 10.00
504 _a
942 _cBK
999 _c3436
_d3436